LEADER 01285nam a2200289 a 4500 001 000000136078 003 CaOOAMICUS 005 20131104085429.0 008 131104s2013 vc d u000 u ita r 020 $a978-88-465-0878-2 040 $aPUL$bita 100 1 $aFerraro, Christian.$0(OLS)http://pul/name/54444 245 10$aAppunti di Metafisica :$bun percorso speculativo, pedagogico e tomistico /$cChristian Ferraro. 260 $aCittą del Vaticano :$bLateran University Press,$c©2013. 300 $a403 p. ;$c24 cm. 490 1 $aDialogo di filosofia ;$v23 504 $aBibliografia in nota. 650 4$aMetafisica.$0(OLS)http://pul/subject/433 650 4$aTomismo.$0(OLS)http://pul/subject/597 830 0$aDialogo di filosofia ;$v23.$0(OLS)http://pul/title/64611 850 $aPUL 852 $aPUL$W1$xSL Filosofia 2$y80$mPhil A18a 23$j156856$qStampati Altre Collocazioni$q $B156248$CPULBib$Z2$F156248 $H123146 $81 941 1 $a10 996 $6020$a978-88-465-0878-2$9(OLS)http://pul/number/153859 996 $6245$aAppunti di Metafisica :$bun percorso speculativo, pedagogico e tomistico$9(OLS)http://pul/title/172079 996 $6260$aCittą del Vaticano :$bLateran University Press$9(OLS)http://pul/publisher/74585 LEADER 01340nam a2200265 a 4500 001 000000174238 003 CaOOAMICUS 005 20210203171428.0 008 210203s2020 it frm z000 u eng r 032 $aLibriCat 040 $aPUL$bita 100 1 $aAttard, Glen.$0(OLS)http://pul/name/111954 245 10$aClosest to the heart: $ba mystagogy of spiritual friendship in Pavel Aleksandrovi? Florenskij's "The pillar and ground of the truth" / $cGlen Attard, o.carm. 260 $aRoma :$b[s.n.],$c2020. 300 $a156 p. ;$c24 cm 502 $aEstratto della Tesi -- Pontificia Universitą Gregoriana -- Facoltą di Teologia, Istituto di Spiritualitą, 2020. 504 $aBibliografia: p. [157]-232. 600 14$aFlorenskij, Pavel Aleksandrovic,$d1882-1937.$0(OLS)http://pul/subject/18012 710 2 $aPontificia Universitą Gregoriana.$bIstituto di spiritualitą$kTesi.$0(OLS)http://pul/name/40854 850 $aPUL 852 $aPUL$W1$xDP1 Tesi Pon. Univ. Gregoriana$y40$m2020 B 16$j198412$qTesi$B203158$CPULBib$Z2$F203158 $82 941 1 $a16 996 $6245$aClosest to the heart: $ba mystagogy of spiritual friendship in Pavel Aleksandrovi? Florenskij's "The pillar and ground of the truth" / $9(OLS)http://pul/title/215466 996 $6260$aRoma :$b[s.n.]$9(OLS)http://pul/publisher/47958